000 00427nam a2200181Ia 4500
001 16143
005 20260306170248.0
008 260306t2010||||xx |||||||||||||| ||und||
041 _aESP
082 _a347
_bD59 T. 2
100 _aJiménez Sánchez, Guillermo José (coord.)
_eAUT
245 0 _aDerecho mercantil
260 _c2010
300 _a
_c24 cm.
650 _aGEN
654 _aCAN
942 _cLIB
_dJUS
_fJUS
_2ddc
_n
999 _c16143
_d16143